000
00250nam a2200085Ia 4500
245
0
_a
Summer jobs worldwide 2009
100
_a
Griffith, Susan Richmond, Surrey, 2009 40th ed
_9
100153
942
_c
BK
008
210818s9999 xx 000 0 und d
999
_c
428572
_d
428571